| 000 | 00528nam a22001817a 4500 | ||
|---|---|---|---|
| 999 |
_c174473 _d174473 |
||
| 005 | 20200618120408.0 | ||
| 010 | _aENG-128209 | ||
| 020 | _c350.00 | ||
| 035 | _aEN-111741 | ||
| 037 | _bDBAD/PUB | ||
| 082 | _a350.00 | ||
| 100 | _aSinha,Dilipkumar | ||
| 245 |
_aVisva-Bharati/ _cby Dilipkumar Sinha _ban odyssey in Parliament Mode: |
||
| 260 |
_aKolkata _bVisva-Bharati _c2018 |
||
| 270 |
_a6 Acharya Jagadish Chandra Bose road _bKolkata _e700017 |
||
| 300 |
_a135p. _c18cm(pbk) |
||
| 942 |
_2ddc _cEN _h378.54 |
||